UBT Library

DRUG INFORMATION HANDBOOK FOR ADVANCED PRACTICE NURSING (Record no. 59216)

000 -LEADER
fixed length control field 00365nam a22001457a 4500
008 - FIXED-LENGTH DATA ELEMENTS--GENERAL INFORMATION
fixed length control field 221220b ||||| |||| 00| 0 eng d
020 ## - INTERNATIONAL STANDARD BOOK NUMBER
International Standard Book Number 9781591953234
041 ## - LANGUAGE CODE
Language code of text/sound track or separate title eng
080 ## - UNIVERSAL DECIMAL CLASSIFICATION NUMBER
Edition identifier 14TH EDITION
Universal Decimal Classification number 610.73
082 ## - DEWEY DECIMAL CLASSIFICATION NUMBER
Classification number 610.73KLU
100 ## - Rafti
Rafti 7
101 ## - Shkurtesa
Shkurtesa INF
245 ## - TITLE STATEMENT
Title DRUG INFORMATION HANDBOOK FOR ADVANCED PRACTICE NURSING
Statement of responsibility, etc KLUWER W
942 ## - ADDED ENTRY ELEMENTS (KOHA)
Source of classification or shelving scheme
Item type Books
Holdings
Withdrawn status Lost status Source of classification or shelving scheme Damaged status Not for loan Collection code Permanent location Current location Date acquired Total Checkouts Full call number Barcode Date last seen Price effective from Koha item type
          Koleksioni i përgjithshem UBT - Lipjan UBT - Lipjan 12/20/2022   610.73KLU 002-8000287002601228 12/20/2022 12/20/2022 Books
          Koleksioni i përgjithshem UBT - Lipjan UBT - Lipjan 12/20/2022   610.73KLU 002-8000287002601229 12/20/2022 12/20/2022 Books
          Koleksioni i përgjithshem UBT - Lipjan UBT - Lipjan 12/20/2022   610.73KLU 002-8000287002601231 12/20/2022 12/20/2022 Books
          Koleksioni i përgjithshem UBT - Lipjan UBT - Lipjan 12/20/2022   610.73KLU 002-8000287002601232 12/20/2022 12/20/2022 Books
UBT Library © 2015-2024. All rights reserved University Education for Business and Technology